=LDR 00000nam 2200000 4500 =001 INLIS000000000005892 =005 20251029020256 =035 ##$$a 0010-1025000947 =007 ta =008 251029###########################0#ind## =082 ##$$a 305.42 =084 ##$$a 305.42 BAD k =100 #$$a Badan Koordinasi Keluarga Berencana Nasional =245 1#$$a Kesempatan-Kesempatan yang Terbuka Serta Dilema-Dilema Yang Dihadapi Oleh Wanita /$c Badan Koordinasi Keluarga Berencana Nasional =260 ##$:$b Badan Koordinasi Keluarga Berencana Nasional =300 ##$$a 7 Hal : $b Ilus ; $c 21 =650 #4$$a Keluarga Berencana =856 ##$$a Perpustakaan Kemendukbangga